000 00446pab a2200157 454500
008 180718b2010 xxu||||| |||| 00| 0 eng d
100 _aHustinx, Lesley et al.
245 _aSocial and cultural origins of motivations to volunteer: a comparison of university students in six countries
260 _c2010
300 _ap.349-82.
362 _aMay
650 _aMotivation
773 _aInternational Sociology
908 _aN
909 _a86983
999 _c86983
_d86983